The language of leadership

Αποθηκεύτηκε σε:
Λεπτομέρειες βιβλιογραφικής εγγραφής
Κύριος συγγραφέας: Soder, Roger 1943-
Μορφή: Βιβλίο
Γλώσσα:English
Δημοσίευση: San Francisco : Jossey - Bass, 2001.
Θέματα:
Ετικέτες: Προσθήκη ετικέτας
Δεν υπάρχουν, Καταχωρήστε ετικέτα πρώτοι!

MARC

LEADER 00000nam a2200000 a 4500
001 1/111515
008 160825s2001####us | ||| |||| ||eng||
020 |a 9780787943608   |q (χαρτόδετο)  
040 |a GR-MyUa  |b gre  |c GR-MyUa  |e AACR2 
041 0 |a eng 
082 7 |a 303.34   |2 (23) 
100 1 |a Soder, Roger  |d 1943- 
245 1 4 |a The language of leadership /   |c Roger Soder, foreword by John I. Goodlad.  
260 |a San Francisco :   |b Jossey - Bass,   |c 2001.  
300 |a xvii, 211 σ. ;   |c 25 εκ.  
504 |a Βιβλιογραφία: σ. 171-201. Ευρετήριο.  
650 0 |a Leadership. 
650 0 |a Persuasion (Psychology) 
650 0 |a Reconciliation. 
852 |a INST  |b RHODES  |e 20160825  |h 303.34 SOD  |p 005400038656  |q 005400038656  |t BK  |y 0 
922 |a 4ΕΛΗ  |b 2016/07  |c ΤΑΚ/ΤΜΣ  |d ΔΙΑΔΡΟΜΕΣ 
970 |z 25-08-2016